00529nam a22001697a 450000500170000001000150001702000260003203500140005803700130007208200110008510000220009624500610011826000390017927000670021830000230028550000510030820170620145735.0 aENG-118804 a9788181922250c850.00 aEN-102336 bDBAD/PUB a752.47 aRastogi, Mahendra aEffective anger management skills /cby Mahendra Rastogi aJaipurbSublime Publicationsc2012 a18, Jain Bhawan, Opp. N.B.C., Shanti Nagar bJaipure302006 avi,208p.c22cm(Hb) aIncludes bibliographical reference and index